Perturbation Theory in Mathematical Programming and its Applications

Αποθηκεύτηκε σε:
Λεπτομέρειες βιβλιογραφικής εγγραφής
Κύριος συγγραφέας: Levitin, Evgenij S.
Μορφή: Βιβλίο
Γλώσσα:English
Δημοσίευση: Chichester : John Wiley, c
Σειρά:Wiley series in discrete mathematics and optimization
Θέματα:
Ετικέτες: Προσθήκη ετικέτας
Δεν υπάρχουν, Καταχωρήστε ετικέτα πρώτοι!

MARC

LEADER 00000nam a2200000 i 4500
001 1/45642
008 950607s1994 eng d
020 |a 0-471-93935-8 
035 |a 1995  |c ΣΕΙΜΕΝΗΣ  |l 10042594 
040 |a GR-MY-UA  |b gre  |e aacr 
041 0 |a eng 
082 0 |a 519.7 
100 1 |a Levitin, Evgenij S. 
245 1 0 |a Perturbation Theory in Mathematical Programming and its Applications /  |c Evgenij S. Levitin 
260 |a Chichester :   |b John Wiley,   |c c 
300 |a 383 p.;  |c 25 cm. 
490 1 |a Wiley-Interscience series in discrete mathematics and optimization 
500 |a Includes bibliographical references and index 
650 0 0 |a Programming (Mathematics) 
650 0 0 |a Perturbation (Mathematics) 
830 0 |a Wiley series in discrete mathematics and optimization 
852 |a INST  |b SAMOS  |e 19950607  |h 519.7 LEV  |p 005300005633  |q 005300005633  |t BK  |y 0 
909 |a Σ  |b 039065